Peripheral capitalism in India its perilous future (Record no. 518602)

000 -LEADER
fixed length control field 01412nam a22001577a 4500
008 - FIXED-LENGTH DATA ELEMENTS--GENERAL INFORMATION
fixed length control field 210930b ||||| |||| 00| 0 eng d
100 ## - MAIN ENTRY--PERSONAL NAME
Personal name Murthy, R.V. Ramana
245 ## - TITLE STATEMENT
Title Peripheral capitalism in India its perilous future
260 ## - PUBLICATION, DISTRIBUTION, ETC. (IMPRINT)
Place of publication, distribution, etc Contributions to Indian Social Science
300 ## - PHYSICAL DESCRIPTION
Extent 40(2), Apr-Jun, 2021: p.368-383
520 ## - SUMMARY, ETC.
Summary, etc The present economic impasse of the inability to create employment for large sections of the society and achieving a degree of manufacturing growth need to be analysed in historical terms of colonisation, domestic capital and, incomplete structural transformation. Two hundred years of colonial rule allowed a constrained capitalism into the early 20th century and post-independent growth is marked by a passive bourgeois revolution over a moribund semi-feudalism. Globalisation has given residual opportunities and a limited momentum to break out of the low income trap. The essay traces the trajectory of India's capitalist development through global and domestic vicissitudes to the present imbroglio of the middle-income trap. The essay was read as a keynote address to the Thematic Panel on Political Economy of India, organised by the 43rd Conference of Indian Social Science Congress Feb 2020. – Reproduced
650 ## - SUBJECT ADDED ENTRY--TOPICAL TERM
Topical term or geographic name as entry element Employment, Social Sciences
9 (RLIN) 29660
773 ## - HOST ITEM ENTRY
Main entry heading Contributions to Indian Social Science
906 ## - LOCAL DATA ELEMENT F, LDF (RLIN)
Subject DIP CAPITALISM
942 ## - ADDED ENTRY ELEMENTS (KOHA)
Item type Articles
Holdings
Withdrawn status Lost status Source of classification or shelving scheme Damaged status Not for loan Permanent location Current location Date acquired Serial Enumeration / chronology Barcode Date last seen Koha item type
          Indian Institute of Public Administration Indian Institute of Public Administration 2021-09-30 40(2), Apr-Jun, 2021: p.368-383 AR125721 2021-09-30 Articles

Powered by Koha